000 00549nam a2200205 a 4500
003 DO-SdBNP
005 20230322150653.0
007 ta
008 100903s2018 dr 000 spa d
020 _a9789993478812
040 _aDO-SdBNP
_bspa
_cBNPHU
082 4 _222
100 1 _aBáez, Rodolfo
_945445
245 1 0 _aViaje al cerebro humano /
_cRodolfo Báez
260 _aSanto Domingo :
_bEditorial de la idea al objeto,
_c2018
300 _a104 p. :
_c23 cm.
590 _aInventariado, 2023/BT
910 _aBtavárez
942 _2ddc
_cLBS1
999 _c20775
_d20775